000 00939nam a22002897a 4500
999 _c659
_d659
001 002376
003 CoMeUDC002376
005 20190111213905.0
008 130821s2002 ck gr spa
020 _a9586533069
_cserie
020 _a9586533093
_cparte general
040 _aCo-BoUCM
_bspa
_cCoMeUDC
041 0 0 _aspa
082 0 4 _a346.07
_220
_bN238d
100 1 _aNarváez García, José Ignacio
_d1922-
245 1 0 _aDerecho mercantil Colombiano /
_cJosé Ignacio Narváez García.
250 _a9a. ed.
260 _aBogotá (Colombia) :
_bLegis,
_c2002.
300 _a332 páginas[v1]
490 0 _aLiteratura Jurídica
504 _aIncluye bibliografía e índice analítico.
505 _gV.1
_tParte general.
650 0 4 _aDerecho comercial
_912717
650 0 4 _aDerecho comercial
_zColombia
_912717
650 0 4 _aJurisprudencia comercial
_zColombia
_918178
942 _cBK
_a8
_e9
_mN17d
_2ddc
_h346.07